00603cam a22001813a 450000100060000000300060000600500170001200800410002904000150007004200070008510000380009224501410013026000290027150600300030051600200033083000290035085600420037941373PGUSA20140828083930.0121116s2012||||xxu|||||s|||||000 | eng d aPGUSAbeng adc1 aBlunt, Wilfrid Scawen,d1840-192210aSecret History of the English Occupation of Egypt :bBeing a Personal Narrative of Eventsh[electronic resource] /cWilfrid Scawen Blunt bProject Gutenberg,c2012 aPublic domain in the USA. aElectronic text 0aProject Gutenbergv4137340uhttp://www.gutenberg.org/ebooks/41373